00851cam a22002291 4500001001300000003000400013005001700017008004100034010001700075025001900092035002000111040002300131042001200154050002200166100003000188245024600218250003300464260006200497300001900559650002600578999001700604ne 63002525 DLC20260227111753.0890607s1962 le 000 0 ara  ane 63002525  aPL480:UAR-2091 a(OCoLC)19830394 aDLCcWaUdWaUdDLC apremarc00aB753.G33bT3 19621 aGhazzālī,d1058-1111.10aTahāfut al-falāsifahc[allafahu] Abū Ḥāmid Muḥammad al-Ghazzālī. Ḥaqqaqahu wa-waqafa ʻalá ṭabʻihi Mūrīs Buwīj fī ṭabʻah ūlá sanat 1927 wa-uʻīdu ṭabʻuhu maṣdaran bi-dirāsah li-Mājid Fakhrī. a[al-Ṭabʻah al-thāniyah] aBayrūt,bal-Maṭbaʻah al-Kāthūlīkīyah,c1962. a256 p.c24 cm. 0aIslam and philosophy. c46486d46486